Gemeinden von Leoben - Statistiken

Allgemein
  • Dieses Quiz wurde 214 mal gespielt
  • Das Durchschnittsergebnis liegt bei 10 aus 16
Antwortstatistiken
Einwohner Gemeinde % Korrekt
24.584 Leoben
97%
11.131 Trofaiach
83%
3.056 St. Michael in Obersteiermark
79%
3.903 Eisenerz
73%
2.410 Niklasdorf
64%
1.018 Vordernberg
61%
1.755 Mautern in Steiermark
56%
551 Wald am Schoberpaß
55%
1.590 Kammern im Liesingtal
52%
1.302 Kraubath an der Mur
52%
1.550 Proleb
51%
1.908 St. Stefan ob Leoben
51%
998 Kalwang
49%
2.366 St. Peter-Freienstein
49%
1.401 Traboch
45%
537 Radmer
43%
Keine übereinstimmenden Quizze gefunden
Verteilung der Resultate
Anzahl Personen mit jedem Resultat
Perzentil nach korrekt beantworteten Fragen
Ihre Resultats-Entwicklung
Sie haben dieses Quiz noch nicht gespielt